000
00306nam a2200109Ia 4500
008
160531s9999 xx 000 0 und d
100
_a
Proust, Marcel.
245
_a
Swann's Way
245
_c
by Marcel Proust
260
_c
2012
856
_u
https://ebooks.adelaide.edu.au/p/proust/marcel/p96s/contents.html
999
_c
295295
_d
295295